000 00388nam a22001571a 4500
020 _a9788171196234
082 _aH3
_bSHI/K
100 _aShivkumar Shrivastava
245 _aKhalifon ki basti/
_cby Shivkumar Shrivastava
260 _aNew Delhi:
_bRadhakrishna,
_c2001.
300 _a252p.
650 _aNovel Hindi
650 _aLiterature Hindi
650 _aLiterature
942 _cBK
999 _c24150
_d24150